MAASAI MARA UNIVERSITY

LIBRARY CATALOGUE

Contact Us: +254 020 2685356/7 or 0774 057787

Box: 861-20500, NAROK, KENYA

Email: info@mmarau.ac.ke

_Skilled Helper A problem management and opportunity development approach to helping (Record no. 5324)

MARC details
000 -LEADER
fixed length control field 00467nam a2200145Ia 4500
008 - FIXED-LENGTH DATA ELEMENTS--GENERAL INFORMATION
fixed length control field 151021s9999 xx 000 0 und d
020 ## - INTERNATIONAL STANDARD BOOK NUMBER
International Standard Book Number 9.780495128e+012
050 ## - LIBRARY OF CONGRESS CALL NUMBER
Classification number BF637.C6E39 2007
245 ## - TITLE STATEMENT
Title _Skilled Helper A problem management and opportunity development approach to helping
260 ## - PUBLICATION, DISTRIBUTION, ETC. (IMPRINT)
Place of publication, distribution, etc. U S A Thomson Education 2007
300 ## - PHYSICAL DESCRIPTION
Extent xii,396p. 22cm
500 ## - GENERAL NOTE
General note includes index
650 ## - SUBJECT ADDED ENTRY--TOPICAL TERM
Topical term or geographic name as entry element _communicating empathy
980 ## - EQUIVALENCE OR CROSS-REFERENCE-SERIES STATEMENT--PERSONAL NAME/TITLE [LOCAL, CANADA]
Personal name ^d20110113 11:28:40^oanne

No items available.

© 2016 Maasai Mara University.